MDQL
is popping MORE tags! Check the
thread
!
Quizzes
Events
Quiz Creation
Community
Videos
Private Events
Remove Ads
Sign In
Join for FREE
Feedback
Dark Mode
Quiz Categories
Sports
Geography
Music
Movies
Television
Just For Fun
Miscellaneous
History
Literature
Language
Science
Gaming
Entertainment
Religion
Holiday
For Kids
Quiz Lab
Recent
Popular Today
Quiz Kudos Today
Editor Picks
Curator Picks
Quizzes by...
Day
Popularity
Type
Ratings
Length
Year
Community
Subscriptions
Recent Discussions
Orange Saloon
Badges
Playlists
Quests
Create
Leaderboards
Showdown
Live 5
Trivia Bingo
Activity
Puzzle Library
Sporcle Events
Private Events
Virtual Trivia
Globe League
Become a Host
Pub Owners
SporcleCon
Opinionation
Our Games
Videos
Blog
Mobile Apps
Partnerships
Remove Ads and Go Orange
Feedback
Sports
Athletes
MLB
NBA
NHL
NFL
Soccer
Sports Teams
WWE
NCAA
Football
Premier League
Basketball
Baseball
Hockey
Golf
Tennis
Cricket
Rugby
Auto Racing
Olympics
World Cup
Sports
Athletes
MLB
NBA
NHL
NFL
Soccer
Sports Teams
WWE
NCAA
Football
Premier League
Basketball
Baseball
Hockey
Golf
Tennis
Cricket
Rugby
Auto Racing
Olympics
World Cup
Random Quiz
Search Sporcle
×
Quiz Lab
Quiz Lab
Sports
1950s
Type in answers that appear in a list
Type in answers that appear in a list
Classic
Best Score? Go Orange.
50s sports personalities Stats
Can you name the 50s sports personalities?
By
sobdennis
5m
28 Questions
47 Plays
47 Plays
47 Plays
Comments
Comments
Give Quiz Kudos
Give Quiz Kudos
-
- Ratings
hide this ad
Random Order
Randomize order of answers
Randomize order of answers
Replay
Link that replays current quiz
Next Quiz
Link to next quiz in quiz playlist
You Got
0%
They Got
Avg Score
17%
Avg Friend Score
Upgrade to see
Score Distribution
Jump to the score distribution portion of the page
Score
0/28
Timer
05:00
0
Plays Today
hint
peronality
% Correct
Retired undefeated
Rocky Marciano
59.6%
Was on deck when The Giants won the pennant.
Willie Mays
55.3%
Won first world cup at 17
Pele
55.3%
QB played in championship game every year of career.
Otto Graham
31.9%
Retired(1960) as all time goal scorer
Maurice Richard
31.9%
Led team to 4 titles
George Mikan
27.7%
Won 3/
4 of a grand slam
Ben Hogan
25.5%
Walked in only plate appearance
Eddie Gaedel
25.5%
Jackie Robinson of the sport.
Althea Gibson
23.4%
Scored winning td in game of the century
Alan Ameche
23.4%
Heisman winner on losing team
Paul Hornung
19.1%
Managed two AL pennants
Al Lopez
17%
MVP relief pitcher
Jim Konstanty
17%
Repeat gold medal winner at 21
Bob Mathias
10.6%
hint
peronality
% Correct
Bear Bryant's only Heisman winner
John David Crow
10.6%
Played on only world series winners his last 5 years as player.
Johnny Mize
8.5%
Had team play 15 games in Jersey City over two years
Walter O'Malley
8.5%
Done waiting til next year
Johnny Podres
6.4%
All time NCAA rebounder leader
Tom Gola
6.4%
Preacher vaulter
Robert Richards
6.4%
Coached unique double
Nat Holman
4.3%
He and wife combined to win 4 golds in one olympics.
Emil Zatopek
4.3%
Coach who won two straight triple overtime games
Frank McGuire
4.3%
Two time double gold medal winner
Pat McCormick
4.3%
Won three Alpine golds
Toni Sailer
4.3%
21 time world record holder who spent time in an internment camp during WW2
Tommy Kono
4.3%
Brother won gold 4 years after he did
Hayes Jenkins
4.3%
Disqualified in Olympics for inactivity in ring
Ingamar Johanssen
2.1%
Quiz Playlist
Details
Report
Send in Message
Add To Playlist
Classic:
Type in answers that appear in a list
Random Order:
Randomize order of answers
Last Updated: Feb 16, 2017
Quiz Scoreboard
CHALLENGE
Sign Up to Join the Scoreboard
Show All
Scores
Hide
Comments
May contain spoilers
Recently Published
5x2 Blitz: Bands
by SL_Kpop136
Music
30s
Colored Red Africa Blitz
by spor1
Geography
30s
Find the 'City' Movie
by crazypaving
Movies
60s
More to Explore
Quiz From the Vault
Featured Blog Post
14 Easter Pick-up Lines to Find Eggs With
hide this ad
You Might Also Like...
Tags
1950s
Personality
Today's Top Quizzes in Sports
Browse Sports
hide this ad
Today's Top Quizzes in 1950s
Browse 1950s
Top Contributed Quizzes in Sports
1
Les entraîneurs de l'OM et du PSG au 21e siècle
2
Les meilleurs buteurs des matchs entre le PSG et l’OM
3
Les joueurs passés par le PSG et l'OM
4
Players with Multiple 50 Home Run Seasons
5
2022 World Cup Stars
6
Criteria MLB: Left Handed Sluggers
7
NBA Logic Puzzle 2.0
8
MLB Players with Two .350 Batting Average Seasons
9
Top 10 NHL Goal Scorers of All Time
10
Les joueurs passés par le LOSC et le RC Lens
Explore More
Trending Topics
Marvel
Anime
NBA
Kpop
Disney
Harry Potter
Crossword
Country
Puzzle
NFL
Song
Pokémon
The Office
Soccer
WWE
hide this ad
More By:
sobdennis
Quiz
Plays
Rating
Category
Featured
Created
World Series Sweeps
31,747
4.35
Sports
Nov 1, 2010
Oscar Winner By Role II
19,107
4.24
Movies
Aug 1, 2010
One party states
1,943
3.45
History
Jun 11, 2010
200 wins no Cy Young
609
4.18
Sports
Nov 1, 2010
us open golf courses
568
1.00
Sports
Jun 13, 2010
Go to Creator's Profile
Score Distribution
Quiz Creator Spotlight
sobdennis
Follow
Send a Message
Quizzes Created
-
Created Quiz Play Count
-
More By This Creator
Popular Quizzes Today
1
Colored Red Africa Blitz
2
Find the US States - No Outlines Minefield
3
Find the 'City' Movie
4
5x2 Blitz: Bands
5
The Countries of the World
6
Find the US States
7
US States
8
Find the Countries of Europe - No Outlines Minefield
More Sports Quizzes
Robin van Persie Hat-trick XI's
Quiz Lab
Trending Quizzes
Colored Red Europe Blitz I
Colored Red Europe Blitz II
Colored Red Africa Blitz II
Colored Red Europe Blitz III
Colored Red Africa Blitz III
Recently Updated
How Do You Spell That?
pecheneg
Godzilla Movies
pecheneg
Grab Bag: 4-10 Letters
pecheneg
2024 March Madness Bracket
pecheneg
Famous TV Couples
Peacemaker
Champions League XIs: Real Madrid
pecheneg
Largest US Cities 1790-2010
pecheneg
Rides in Walt Disney World
pecheneg
Most Oscar Losses (Acting)
pecheneg
Beyoncé Albums
pecheneg
Trending Topics
Harry Potter
Crossword
NBA
Disney
Marvel
Kpop
Anime
Puzzle
WWE
The Office
Soccer
Pokémon
NFL
Country
Song
Your Account Isn't Verified!
In order to create a playlist on Sporcle, you need to verify the email address you used during registration. Go to your
Sporcle Settings
to finish the process.
Report this User
Report this user for behavior that violates our
Community Guidelines
.
Details:
Send Report
Go to the Sporcle.com Mobile Site →
Comments